Global Language Vocabulary- W - Statistics

General Stats
  • This quiz has been taken 508 times
    285 since last reset
  • The average score is 4 of 12
Answer Stats
Hint Answer % Correct
English Welcome
100%
German Willkommen
71%
French Bienvenue
69%
Spanish Bienvenido
58%
Portuguese Bem-vindo
15%
Arabic مرحباً, marhaban
11%
Japanese いらっしゃいませ, irasshaimase
9%
Irish Fáilte
7%
Russian Добро пожаловать, dobro pozhalovat'
6%
Chinese (Simplified) 欢迎, huānyíng
6%
Hindi स्वागत, svaagat
2%
Maori Haere mai
1%
No matching quizzes found
Score Distribution
Percent of People with Each Score
Percentile by Number Answered
Your Score History
You have not taken this quiz since the last reset